La seguridad industrial: su administración (Registro nro. 10978)

Detalles MARC
000 -Cabecera
Campo de control de longitud fija 00773nam a22002897a 4500
005 - Fecha y hora de la última transacción
Campo de control 20250930165345.0
008 - Elementos de longitud fija--Información general
Campo de control de longitud fija 180419b1989 xxu||||| |||| 00| 0 spa d
020 ## - International Standard Book Number
Número Internacional Estándar del Libro (ISBN) 9686223231
041 ## - Idioma
Código de idioma Español
082 ## - Clasificación Decimal Dewey
Número de clasificación 620.86 G861s
100 ## - Entrada principal--Autor personal
Nombre personal Grimaldi, John
100 ## - Entrada principal--Autor personal
Nombre personal Simonds, Rollin
245 ## - Título propiamente dicho
Título La seguridad industrial: su administración
250 ## - Edición
Mención de edición 2 edición
260 ## - Pie de imprenta
Lugar de publicación, distribución, etc. México
260 ## - Pie de imprenta
Nombre del editor, distribuidor, etc. Alfaomega
260 ## - Pie de imprenta
Fecha de publicación, distribución, etc. 1991
300 ## - Descripción física
Extensión 743 páginas
490 ## - Serie
Título de la Serie Dirección de Educación Comunitaria y Asistencia Técnica
650 ## - Materia general
Temática (materia general) SEGURIDAD INDUSTRIAL
650 ## - Materia general
Temática (materia general) SALUD OCUPACIONAL
650 ## - Materia general
Temática (materia general) HIGIENE INDUSTRIAL
650 ## - Materia general
Temática (materia general) PROTECCIÓN PERSONAL
650 ## - Materia general
Temática (materia general) INCENDIOS
650 ## - Materia general
Temática (materia general) CONTROL DE CATÁSTROFES
942 ## - Punto de acceso adicional KOHA
Tipo de ítem KOHA Libro
Fuente del sistema de clasificación o colocación Dewey Decimal Classification
Existencias
Signatura completa Código de barras Programa Académico Tipo de ítem
620.86 G861s 2664 Dirección de Educación Comunitaria y Asistencia Técnica Libro
620.86 G861s 2665 Dirección de Educación Comunitaria y Asistencia Técnica Libro